000 00529nam a22001817a 4500
003 UA-OsUOA
001 11027
007 ta
008 20050217b un ||||| |||| 00| 0 ukr d
100 _aРябунець В.
942 _cSA
040 _aUA-OsUOA
_cUA-OsUOA
_dUA-OsUOA
245 _aНа порозі вічності
_b[До 100-річчя Уласа Самчука]
300 _aС.3
955 _a0
773 0 _w0
_tВісті Рівненщини
_dРівне
_d2005
_g№13/16 лют./
650 7 _aБіографії
_2UDC
999 _c297188
_d297188